[Event "II Maxistral Compostela 2020"]
[Site "Santiago de Compostela"]
[Date "2020.02.11"]
[Round "1.1"]
[White "Galego, Luis"]
[Black "Strikovic, Aleksa"]
[Result "1/2-1/2"]
[WhiteElo "2486"]
[BlackElo "2479"]
[Annotator "TA"]
[PlyCount "47"]
[EventDate "2020.02.11"]
[EventType "tourn"]
[EventCountry "ESP"]
[SourceTitle "playchess.com"]
[Source "ChessBase"]
[SourceQuality "1"]

{[%evp 29,30,21,34]} 1. e4 e5 2. Nf3 Nc6 3. Bb5 a6 4. Ba4 Nf6 5. O-O Be7 6. Re1 b5 7. Bb3 O-O 8. c3 d6 9. h3 Nb8 10. d4 Nbd7 11. Nbd2 Bb7 12. Bc2 Re8 13. Nf1 Bf8 14. Ng3 g6 15. a4 Bg7 {[#]} {Predecessor:} 16. Bd3 $146 {C95: Closed Ruy Lopez: Breyer Variation with 10 d4.} exd4 17. cxd4 c5 18. axb5 axb5 19. Rxa8 Bxa8 20. Bxb5 cxd4 21. Nxd4 Nxe4 22. Nxe4 Rxe4 23. Rxe4 Bxe4 24. Bf1 {½-½ (33) Sevian,S (2677)-Oparin,G (2644) Saint Louis 2019} 1/2-1/2

[Event "II Maxistral Compostela 2020"]
[Site "Santiago de Compostela"]
[Date "2020.02.11"]
[Round "1.2"]
[White "Medarde Santiago, Luis Marcos"]
[Black "Petkov, Vladimir"]
[Result "1/2-1/2"]
[WhiteElo "2246"]
[BlackElo "2514"]
[Annotator "TA"]
[PlyCount "78"]
[EventDate "2020.02.11"]
[EventType "tourn"]
[EventCountry "ESP"]
[SourceTitle "playchess.com"]
[Source "ChessBase"]
[SourceQuality "1"]

{[%evp 16,78,22,18,32,41,41,0,10,12,26,5,12,24,20,-8,0,-40,-22,-21,-21,-35,-35,-29,-33,-36,-17,-70,-64,-64,-35,-49,-49,-45,-52,-51,-52,-56,-35,-39,-34,-39,-39,-44,-36,-60,0,-14,0,0,0,0,7,0,0,0,0,0,0,0,0,0,0,0,160]} 1. e4 e5 2. Nf3 Nc6 3. Bb5 a6 4. Ba4 Nf6 5. O-O Be7 6. Re1 b5 7. Bb3 d6 8. c3 O-O 9. d4 h6 {C91: Closed Ruy Lopez: 7...d6 8 c3 0-0 9 d4.} 10. Nbd2 Re8 11. d5 Nb8 12. a4 Bb7 13. axb5 axb5 14. Rxa8 Bxa8 {[#]} 15. Nf1 $146 ({Predecessor:} 15. c4 bxc4 16. Ba4 Rf8 17. Nxc4 Nh7 18. Ne3 Nd7 19. Nf5 Bb7 20. Qe2 Bc8 21. Bd2 {½-½ (51) Niemela,T-Lehti,J (2061) Finland 2000}) 15... Bf8 16. Qd3 c6 17. dxc6 Bxc6 18. Ng3 Nbd7 19. Bc2 Qa8 20. Nd2 g6 21. Ndf1 ({White should try} 21. h4 $11) 21... d5 $15 22. Nd2 Re6 23. Qf3 Nc5 24. b4 dxe4 25. Ndxe4 Nfxe4 26. Nxe4 Nxe4 27. Bxe4 Bxe4 28. Qxe4 Qxe4 29. Rxe4 {[%mdl 4096] Endgame KRB-KRB} f5 30. Re2 Kf7 (30... Ra6 $15) 31. Kf1 {The position is equal.} Bg7 32. Ra2 e4 33. Bd2 Rd6 34. Ke2 Ke6 35. Ra5 Rd5 36. Ra6+ Rd6 37. Ra5 Rd5 38. Ra6+ Rd6 39. Ra5 Ke5 $2 {Accuracy: White = 83%, Black = 88%.} (39... Rd5 $11) 1/2-1/2

[Event "II Maxistral Compostela 2020"]
[Site "Santiago de Compostela"]
[Date "2020.02.11"]
[Round "1.3"]
[White "Gomez Dieguez, David"]
[Black "Sanchez Aller, Fernando"]
[Result "1/2-1/2"]
[WhiteElo "2296"]
[BlackElo "2350"]
[Annotator "TA"]
[PlyCount "56"]
[EventDate "2020.02.11"]
[EventType "tourn"]
[EventCountry "ESP"]
[SourceTitle "playchess.com"]
[Source "ChessBase"]
[SourceQuality "1"]

{[%evp 9,56,2,16,13,0,25,83,68,74,81,72,72,85,23,27,22,45,9,14,10,13,6,29,16,10,6,27,6,6,10,10,0,0,0,0,0,0,0,0,0,0,0,0,0,0,0,0,0,0]} 1. e4 c5 2. Nc3 d6 3. d4 cxd4 4. Qxd4 Nc6 5. Qd2 g6 6. b3 {B23: Closed Sicilian: Lines without g3.} Bh6 7. f4 e5 {[#]} (7... Nf6 $11) 8. Nb5 $1 $16 {White is better.} Bxf4 9. Qxd6 Qxd6 10. Nxd6+ Kf8 11. Bc4 ({White should play} 11. Ba3 $16 Nge7 12. Bc4) 11... Bxc1 $1 $11 12. Rxc1 Nh6 $1 13. Ne2 Ke7 14. Nxc8+ Raxc8 15. Nc3 {[#]} f5 $146 ({Predecessor:} 15... Rhd8 16. Nd5+ Kf8 17. c3 Rd6 18. O-O Kg7 19. Ne3 f6 20. Bd5 Ng8 21. b4 Nge7 {½-½ (58) Li,C (2724)-Sarana,A (2587) Qinhuangdao 2018}) 16. Nd5+ Kf8 17. exf5 gxf5 18. O-O Kg7 {The position is equal.} 19. Rcd1 Rhd8 20. Rd3 Rd6 21. Ne3 Nd4 {Hoping for ...f4.} 22. a4 Rcd8 {White should prevent ...f4.} 23. c3 $1 {[%cal Rc3d4]} Ne2+ 24. Kf2 Rxd3 25. Bxd3 Rxd3 26. Kxe2 Rxc3 {[#] Strongly threatening ...f4.} 27. Nxf5+ Nxf5 28. Rxf5 Rxb3 {Accuracy: White = 87%, Black = 95%.} 1/2-1/2

[Event "II Maxistral Compostela 2020"]
[Site "Santiago de Compostela"]
[Date "2020.02.11"]
[Round "1.4"]
[White "Suarez Gomez, Julio"]
[Black "Portela Peleteiro, Alberto"]
[Result "1-0"]
[WhiteElo "2439"]
[BlackElo "2369"]
[Annotator "TA"]
[PlyCount "81"]
[EventDate "2020.02.11"]
[EventType "tourn"]
[EventCountry "ESP"]
[SourceTitle "playchess.com"]
[Source "ChessBase"]
[SourceQuality "1"]

{[%evp 20,81,6,0,37,45,55,57,137,141,124,60,101,106,118,58,69,62,75,45,66,0,0,0,30,31,20,29,23,31,134,127,157,145,157,157,157,100,113,108,157,85,270,258,255,260,245,206,212,138,282,277,534,534,1029,1022,956,459,793,597,1287,1093,1164,1087]} 1. e4 c5 2. Nf3 e6 3. d4 cxd4 4. Nxd4 Nf6 5. Nc3 Nc6 6. Nxc6 bxc6 7. e5 Nd5 8. Ne4 Qa5+ 9. Bd2 Qc7 10. f4 Qb6 11. Bd3 Ba6 {B45: Sicilian Four Knights.} 12. Bxa6 Qxa6 13. b3 {[#]} Ba3 $146 (13... Qb6 $14) ({Predecessor:} 13... Qb6 14. Qe2 Ba3 15. Rd1 f5 16. exf6 Nxf6 17. Nxf6+ gxf6 18. Rf1 h5 19. Rf2 a5 {½-½ (42) Lebled,P (2382)-Galliano,G (2384) ICCF email 2016}) 14. c4 $16 f5 15. Nf2 ({Of course not} 15. cxd5 $6 fxe4 16. dxe6 dxe6 $11) ({Better is} 15. exf6 $1 $16 Nxf6 16. Nxf6+ gxf6 17. Qh5+ Ke7 18. O-O) 15... Nb4 16. O-O O-O-O 17. Bc3 (17. Be3 $16) 17... Qb6 $14 18. Qe2 Rhg8 19. Kh1 (19. Bd2 {keeps more tension.} d5 20. exd6 Rxd6 21. Kh1 Rgd8 22. Bc3) 19... g5 20. Bxb4 (20. fxg5 $14 Rxg5 21. Nh3) 20... Bxb4 $11 21. Nd3 c5 22. Qc2 Ba3 23. Rab1 a5 24. Rbd1 Qc6 (24... Rg7 $14) 25. Qd2 $16 Bb4 26. Nxb4 axb4 27. fxg5 Rg7 {[#]} 28. Rf3 (28. Qe3 $142 $1) 28... Rdg8 {[#]} 29. Rg3 $1 Kc7 30. Qe3 (30. Rd3 $142 Kc8 31. Rd6) 30... Ra8 $2 (30... Kd8 $16 {was necessary.}) 31. Rd6 $18 Qe4 32. Qxc5+ {[%mdl 64] Double Attack} Kd8 33. Rd1 {And now Qf8+ would win.} Ke8 34. Qxb4 {Qd2 is the strong threat.} f4 (34... Rxa2 $16 35. Qb8+ Ke7) 35. Rf3 Rxg5 $2 (35... Rxa2 {was worth a try.} 36. Qb8+ Ke7) 36. Qd2 {White is clearly winning.} Rg7 37. Rxf4 Qxe5 38. a4 (38. Rdf1 $142 Qc5 39. b4) 38... Rb8 (38... Qg5 $142 39. Qf2 Ra5 40. Rf8+ Ke7) 39. Rf3 Rb6 40. a5 Ra6 41. b4 {Accuracy: White = 56%, Black = 33%.} 1-0

[Event "II Maxistral Compostela 2020"]
[Site "Santiago de Compostela"]
[Date "2020.02.11"]
[Round "1.5"]
[White "Gonzalez Trigal, Jose Luis"]
[Black "Grigoryan, Karen H."]
[Result "0-1"]
[WhiteElo "2369"]
[BlackElo "2654"]
[Annotator "TA"]
[PlyCount "94"]
[EventDate "2020.02.11"]
[EventType "tourn"]
[EventCountry "ESP"]
[SourceTitle "playchess.com"]
[Source "ChessBase"]
[SourceQuality "1"]

{[%evp 9,94,22,19,5,9,20,17,7,10,5,14,8,8,0,24,28,11,12,27,11,9,11,11,15,17,-33,0,0,0,0,0,0,0,0,0,0,0,0,-8,-22,0,-107,-112,-108,-110,-112,-104,-117,-117,-217,-231,-207,-236,-215,-220,-264,-263,-539,-539,-501,-464,-510,-468,-574,-570,-573,-572,-849,-845,-765,-778,-1120,-1023,-1581,-1368,-1368,-1368,-1245,-1622,-29985,-29986,-29985,-29983,-29986,-29987,-29992,-29992]} 1. d4 Nf6 2. Nf3 g6 3. g3 c5 4. dxc5 Qa5+ 5. Nfd2 Qxc5 6. Bg2 {A49: 1 d4 Nf6 2 Nf3 g6 3 g3: Anti-King's Indian systems.} Bg7 7. Nb3 Qc7 8. Nc3 {The position is equal.} d6 9. Bg5 Nbd7 {[%cal Bb8d7,Bd7e5,Be5c4,Bc4e3][%mdl 32] [#]} 10. O-O $146 ({Predecessor:} 10. e4 h6 11. Bf4 Nb6 12. O-O Nc4 13. Qe2 a6 14. Nd1 Bg4 15. f3 Bd7 16. c3 {0-1 (60) Kogan,B (2460)-Gulko,B (2565) Estes Park 1987}) 10... h6 11. Be3 Ne5 12. Bd4 O-O 13. e4 Bg4 14. f3 {[#] And now Bxe5 would win.} Be6 15. Nd5 Bxd5 16. exd5 Nc4 17. Re1 Nxd5 (17... a5 {looks sharper.} 18. Bf1 Rfc8 19. Rc1 b5 20. Nd2 Qb7) 18. Bxg7 Nde3 19. Rxe3 Nxe3 20. Qd2 Kxg7 21. Qxe3 Qxc2 22. Qd4+ e5 23. Qxd6 Qxb2 {White must now prevent ...Rfd8.} 24. f4 $1 exf4 25. gxf4 (25. Qxf4 $11 Rae8 26. Bxb7) 25... Rad8 $36 {[%mdl 2048] Keeping White busy.} 26. Qe5+ Qxe5 27. fxe5 b6 28. Re1 Rfe8 29. Re4 (29. Re2 $17 {keeps fighting.}) 29... Rd5 $19 30. Ra4 Rd1+ 31. Kf2 a5 32. Bf3 {[#]} Rb1 $1 33. Nxa5 $2 (33. Re4 {was worth a try.}) 33... bxa5 34. Rxa5 {[%mdl 4096] Endgame KRR-KRB} Re7 35. h4 Rb6 36. Kg3 Rbe6 37. Kf4 f6 38. h5 g5+ 39. Kg3 f5 40. a4 Rxe5 41. Ra8 g4 42. Bg2 Re2 43. Bd5 Kf6 44. Rg8 Ke5 {Black mates.} 45. Bc4 Re3+ 46. Kf2 Kf4 47. a5 Rc3 {Accuracy: White = 52%, Black = 97%.} 0-1

[Event "II Maxistral Compostela 2020"]
[Site "Santiago de Compostela"]
[Date "2020.02.12"]
[Round "2.1"]
[White "Strikovic, Aleksa"]
[Black "Grigoryan, Karen H."]
[Result "0-1"]
[WhiteElo "2479"]
[BlackElo "2654"]
[Annotator "TA"]
[PlyCount "114"]
[EventDate "2020.02.11"]
[EventType "tourn"]
[EventCountry "ESP"]
[SourceTitle "playchess.com"]
[Source "ChessBase"]
[SourceQuality "1"]

{[%evp 9,114,-16,-10,-14,-14,-16,-16,-15,-25,-39,-31,-50,-50,-52,-35,-46,-45,-61,-39,-27,-19,-59,-54,-58,-70,-85,-93,-94,-95,-147,-42,-132,-18,-12,-21,-20,-11,-10,0,0,0,0,0,-4,-1,-8,-9,-7,0,-89,-83,-93,-56,-52,-52,-57,0,0,0,-21,-26,-21,-31,-43,-13,-43,-41,-55,8,-11,-8,-5,1,-43,-43,-43,-44,-44,-44,-45,-45,-45,-8,-8,-8,-8,-8,-8,-8,-8,-8,-43,-43,-94,-88,-191,-179,-179,-186,-191,-191,-191,-191,-430,-271,-430,-430]} 1. Nf3 d5 2. b3 Bg4 3. e3 e5 4. Bb2 f6 5. h3 Be6 6. c4 {A06: Réti Opening: 1 Nf3 d5.} c6 7. Nc3 Bd6 8. Qc2 {[#] The position is equal.} a6 $146 ({Predecessor:} 8... Ne7 9. cxd5 cxd5 10. Nb5 Nbc6 11. Nxd6+ Qxd6 12. Be2 Rc8 13. Qd1 d4 14. exd4 e4 {1-0 (42) Kharlov,A (2555)-Sveshnikov,E (2524) Sochi 2006}) 9. d3 Ne7 10. Be2 O-O 11. O-O b5 12. Rfd1 Nd7 13. a3 Qb8 14. b4 Kh8 ({Don't play} 14... dxc4 $6 15. dxc4 Bc7 16. Rac1 $16) 15. Nd2 f5 16. Nb3 f4 17. cxd5 cxd5 {White must now prevent ...fxe3.} 18. exf4 Rxf4 19. d4 {[#]} (19. Bc1 $142 Rf8 20. d4) 19... Qf8 (19... e4 $1 $17 20. Nc5 Nxc5 21. dxc5 Be5) 20. Bf1 ({White should try} 20. Nc5 $1 $15 Bxc5 21. dxc5) 20... exd4 (20... e4 $17 {Strongly threatening ...Rxf2!} 21. g3 Rf6) 21. Nxd4 $11 Rxf2 22. Nxe6 (22. Qxf2 $2 {too greedy.} Bh2+ 23. Kxh2 Qxf2 $19) 22... Rxc2 23. Nxf8 Rxf8 24. Nxd5 Rxb2 25. Nxe7 Bxe7 26. Rxd7 Bg5 27. Re1 Ra2 28. Rd3 $1 h6 29. Re2 (29. g3 $11 {keeps the balance.}) 29... Ra1 $17 30. Rf2 Re8 {Hoping for ...Be3.} 31. Rff3 Kg8 32. g3 Re2 (32... Bc1 $15) 33. h4 $36 {[%mdl 2048] White fights for an advantage.} Be7 34. Rfe3 (34. Rf2 {looks sharper.} Rxf2 35. Kxf2 Bf6 36. Bh3 Bb2 37. Bc8) 34... Rxe3 35. Rxe3 {[%mdl 4096] Endgame KRB-KRB} Bf6 {...Bd4 is the strong threat.} 36. Rb3 Kf7 37. Kg2 Ke6 38. Be2 Bd4 (38... Ra2 $15 39. Kf1 Bb2) 39. Bg4+ Kd5 40. Bc8 Ra2+ 41. Kf3 Rc2 42. Bxa6 Kc4 $1 {[%cal Rc4b3]} 43. Rb1 Rc3+ {[%mdl 64] Double Attack} 44. Kf4 Rxa3 45. Bc8 $1 Re3 46. Bh3 Kc3 47. Rd1 Re5 48. Bf1 g5+ 49. hxg5 hxg5+ 50. Kg4 Be3 51. Kf3 {[#]} ({Better is} 51. Ra1 $15) 51... Bd2 $1 $17 52. Bh3 (52. Ra1 $17) 52... Kc2 $19 53. Rf1 Bxb4 54. Kg4 Bd2 {Threatens to win with ...b4.} 55. Kh5 b4 {[%cal Bb5b4,Bb4b3][%mdl 32]} 56. Rf8 $2 (56. Bf5+ Rxf5 57. Rxf5) 56... b3 {And now ...b2 would win.} 57. Rc8+ (57. Bd7 $142) 57... Bc3 {Accuracy: White = 69%, Black = 74%.} 0-1

[Event "II Maxistral Compostela 2020"]
[Site "Santiago de Compostela"]
[Date "2020.02.12"]
[Round "2.2"]
[White "Portela Peleteiro, Alberto"]
[Black "Gonzalez Trigal, Jose Luis"]
[Result "1/2-1/2"]
[WhiteElo "2369"]
[BlackElo "2369"]
[Annotator "TA"]
[PlyCount "69"]
[EventDate "2020.02.11"]
[EventType "tourn"]
[EventCountry "ESP"]
[SourceTitle "playchess.com"]
[Source "ChessBase"]
[SourceQuality "1"]

{[%evp 20,69,33,27,29,12,17,19,29,5,12,-10,-13,-13,-8,-18,11,0,0,0,0,0,0,0,-1,-1,0,0,0,0,0,0,0,0,0,-4,0,-5,0,0,0,0,0,0,0,0,0,0,0,0,0,0]} 1. e4 c5 2. Ne2 Nf6 3. Nbc3 d5 4. exd5 Nxd5 5. Nxd5 Qxd5 6. d4 Nc6 7. Be3 cxd4 8. Nxd4 Nxd4 9. Qxd4 Qxd4 10. Bxd4 Bd7 11. Bd3 Bc6 {B29: Sicilian: 2 Nf3 Nf6 (Nimzowitsch Variation).} 12. O-O e6 13. f3 a6 {[#]} 14. a4 $146 ({Predecessor:} 14. Bb6 Be7 15. Rfd1 Bd8 16. Bd4 O-O 17. b4 Be7 18. a3 b5 19. Kf2 Rfc8 20. Rdb1 Rd8 21. Bb6 Rdb8 22. Bd4 Rd8 {½-½ (22) Friedrich,N (2310)-Edel,T Wiesbaden 1988}) 14... O-O-O {The position is equal.} 15. Bc3 Bc5+ 16. Kh1 Bd4 17. Ra3 Rd7 18. b4 {[%cal Bb2b4,Bb4b5][%mdl 32] [#] Hoping for b5.} Bxc3 19. Rxc3 {Strongly threatening b5.} Rc7 20. b5 Bd7 $1 21. Rxc7+ Kxc7 22. bxa6 Bxa4 23. axb7 $11 {[%mdl 4096] Endgame KRB-KRB} Bc6 24. Kg1 Bxb7 25. Kf2 Ra8 26. Ke3 h6 27. Rb1 Ra5 28. Bb5 Ba6 29. Bxa6 Rxa6 {KR-KR} 30. Rb4 Ra2 31. Kd3 Ra1 32. h4 h5 33. g4 hxg4 34. fxg4 Rh1 35. Rf4 {Accuracy: White = 100%, Black = 95%.} 1/2-1/2

[Event "II Maxistral Compostela 2020"]
[Site "Santiago de Compostela"]
[Date "2020.02.12"]
[Round "2.3"]
[White "Sanchez Aller, Fernando"]
[Black "Suarez Gomez, Julio"]
[Result "1-0"]
[WhiteElo "2350"]
[BlackElo "2439"]
[Annotator "TA"]
[PlyCount "83"]
[EventDate "2020.02.11"]
[EventType "tourn"]
[EventCountry "ESP"]
[SourceTitle "playchess.com"]
[Source "ChessBase"]
[SourceQuality "1"]

{[%evp 9,83,21,4,0,22,11,21,16,81,91,121,54,53,51,54,53,58,0,0,0,91,-7,0,0,0,0,0,3,12,0,8,0,18,-22,97,96,96,96,134,126,186,172,167,177,177,122,197,197,215,210,275,275,275,274,397,381,354,377,361,362,434,417,482,471,517,493,700,700,679,676,798,797,793,781,995,769]} 1. e4 c6 2. d4 d5 3. e5 c5 4. dxc5 e6 5. a3 Bxc5 6. Nf3 {B12: Caro-Kann: Advance Variation.} Nd7 7. b4 Be7 8. c4 {[#] The position is equal.} f6 $146 (8... dxc4 $11 {keeps the balance.} 9. Nc3 (9. Bxc4 Qc7 $11) 9... a5) ({Predecessor:} 8... dxc4 9. Nc3 a5 10. Bxc4 axb4 11. Nb5 Nb6 12. Bd3 Nd5 13. O-O Bd7 14. Nfd4 Qb6 {½-½ (33) McKenzie,C (2362)-Zajsek,F (2342) ICCF email 2017}) 9. cxd5 $16 Nxe5 10. Nxe5 (10. Nc3 $16) 10... fxe5 $14 11. Nc3 Nf6 {[%cal Re6d5]} 12. Bc4 a5 13. Qa4+ ({Better is} 13. b5 $14) 13... Bd7 $11 14. b5 O-O (14... Qc7 $11 15. dxe6 Rc8) 15. Bb2 ({White should try} 15. dxe6 $16 Be8 16. Be3) 15... Qb6 {[#] aiming for ...Ng4.} 16. dxe6 $1 Bxe6 {Hoping for ...Ng4.} 17. Qb3 Bxc4 18. Qxc4+ Kh8 {...Ng4! is the strong threat.} 19. O-O Rac8 20. Qe2 Qe6 21. Rad1 Rc4 {[#]} (21... Qb3 $11 {remains equal.} 22. Rd3 Bc5) 22. Nd5 $1 $36 {[%mdl 2560] White is in control.} Re4 (22... Nxd5 23. Qxc4) 23. Qf3 Rh4 24. Nxf6 Qxf6 (24... b6 $16) 25. Qxf6 $18 Bxf6 26. Rd7 b6 27. Rd6 (27. Rb7 $18) 27... Re4 (27... Rb8 $16) 28. Rxb6 Re2 29. Bc3 Kg8 30. Rc6 ({Don't do} 30. Bxa5 $6 Be7 $16) 30... Rb8 31. a4 (31. Bxa5 Rxb5 32. Bb4 Rd5 $16) 31... Bd8 (31... e4 $142 32. Bxf6 gxf6) 32. Re1 Rxe1+ 33. Bxe1 {[%mdl 4096] Endgame KRB-KRB} Kf7 34. f3 Rb7 35. Kf1 Rd7 36. b6 {White is clearly winning.} Ke8 37. Rc8 g5 (37... h6 $142 38. Rb8 Rd1) 38. b7 Rxb7 39. Bxa5 $1 Ra7 40. Rxd8+ Ke7 41. Rd5 Ke8 42. Ke1 {Accuracy: White = 80%, Black = 45%.} 1-0

[Event "II Maxistral Compostela 2020"]
[Site "Santiago de Compostela"]
[Date "2020.02.12"]
[Round "2.4"]
[White "Petkov, Vladimir"]
[Black "Gomez Dieguez, David"]
[Result "1-0"]
[WhiteElo "2514"]
[BlackElo "2296"]
[Annotator "TA"]
[PlyCount "45"]
[EventDate "2020.02.11"]
[EventType "tourn"]
[EventCountry "ESP"]
[SourceTitle "playchess.com"]
[Source "ChessBase"]
[SourceQuality "1"]

{[%evp 11,77,0,0,-21,-11,-22,0,0,0,0,0,-27,-30,-25,-23,-21,0,12,133,107,128,125,113,109,162,138,174,162,233,134,130,118,195,191,193,176,187,164,189,164,163,110,124,77,56,73,83,63,224,227,303,320,210,45,236,58,227,58,758,758,753,753,738,738,706,689,4710,2019]} 1. d4 Nf6 2. c4 e6 3. Nc3 Bb4 4. Nf3 b6 5. Qb3 c5 6. dxc5 bxc5 7. a3 {E21: Nimzo-Indian: 4 Nf3.} Ba5 8. Bf4 Nc6 9. e3 {The position is equal.} Ne4 10. Bd3 Nxc3 11. bxc3 (11. O-O {feels hotter.} Qe7 12. bxc3 e5 13. Nxe5 Nxe5 14. Be4) 11... Bc7 {[#]} 12. O-O $146 ({Predecessor:} 12. Bxc7 Qxc7 13. O-O Rb8 14. Qc2 Bb7 15. Rab1 h6 16. Rb5 d6 17. Rfb1 O-O 18. Qa4 {0-1 (48) Bennett,S (1614)-Maubrises,E (2196) IECG email 2005}) 12... Bxf4 13. exf4 f5 14. Qb5 $36 {[%mdl 2048] White has good play.} Qe7 (14... Qb6 $11 {keeps the balance.}) 15. Bxf5 $1 $16 O-O (15... exf5 $2 16. Rfe1 $18) 16. Be4 Rxf4 17. Qb1 Rb8 (17... Ba6 $16) 18. Qc2 (18. Bxh7+ $6 Kh8 $11) 18... Qf6 19. Rfe1 Ba6 (19... Rb6 $142 20. Bxh7+ Kh8) 20. Bxc6 ({White should try} 20. Bxh7+ $18 Kh8 21. Be4) 20... dxc6 21. Ne5 {Hoping for Nd7.} Rd8 (21... Rf8 $16 {was worth a try.}) 22. Qe2 (22. Nxc6 $6 Rf8 $16) 22... Qg5 23. Rab1 {Played: Qe2-e3} 1-0

[Event "II Maxistral Compostela 2020"]
[Site "Santiago de Compostela"]
[Date "2020.02.12"]
[Round "2.5"]
[White "Galego, Luis"]
[Black "Medarde Santiago, Luis Marcos"]
[Result "1/2-1/2"]
[WhiteElo "2486"]
[BlackElo "2246"]
[Annotator "TA"]
[PlyCount "82"]
[EventDate "2020.02.11"]
[EventType "tourn"]
[EventCountry "ESP"]
[SourceTitle "playchess.com"]
[Source "ChessBase"]
[SourceQuality "1"]

{[%evp 20,82,0,0,0,-12,-5,-27,-19,0,25,18,18,18,25,25,25,25,26,23,22,19,30,4,82,72,71,75,72,76,110,110,105,101,111,108,139,139,161,149,159,147,146,143,154,56,158,21,146,15,15,0,0,0,0,0,0,0,0,0,0,0,0,0,0]} 1. d4 Nf6 2. Nf3 d5 3. c4 e6 4. Nc3 dxc4 5. e3 a6 6. a4 c5 7. Bxc4 Nc6 8. O-O Be7 9. Ne5 cxd4 10. Nxc6 bxc6 11. exd4 O-O {D27: Queen's Gambit Accepted: Classical main line: 7 e4!? and 7 a4.} 12. Bf4 {[#]} Bb7 $146 ({Predecessor:} 12... a5 13. Re1 Ba6 14. Ba2 Qb6 15. Be5 Rfd8 16. Qf3 Nd7 17. Bg3 Nf6 {½-½ (58) Indjic,A (2604)-Kobalia,M (2620) Sochi 2018}) 13. Be5 c5 {Black has an edge.} 14. Qb3 Qc8 (14... Qd7 {keeps more tension.} 15. Be2 Rad8 16. Rfd1 cxd4 17. Rxd4 Qc8) 15. d5 $1 {[%cal Rd5e6]} exd5 16. Nxd5 Nxd5 17. Bxd5 Bxd5 18. Qxd5 Qf5 19. Rae1 Rfd8 20. Qc4 {next Bxg7! is good for White.} Bd6 21. Qc3 Bxe5 (21... Bf8 $11 {remains equal.}) 22. Rxe5 $16 Qf4 23. b3 ({Much worse is} 23. Qxc5 Qxa4 24. Rfe1 h6 $11) 23... Rab8 24. Rxc5 Qb4 25. Qxb4 Rxb4 {[%mdl 4096] Endgame KRR-KRR} 26. Rc3 g6 27. g3 Rdb8 28. Rd1 Rxb3 29. Rxb3 Rxb3 {KR-KR} 30. Rd6 Kg7 31. Rxa6 Ra3 32. g4 (32. Kf1 $16) 32... g5 (32... f6 $14) 33. Ra8 (33. Kg2 $16) 33... Kg6 {[#]} (33... h5 $1 $11 {keeps the balance.}) 34. a5 (34. Kg2 $1 $16) 34... h5 $1 $11 {The position is equal.} 35. gxh5+ Kxh5 36. a6 Kg4 37. Kg2 f5 38. a7 {[#] Threatens to win with h4!} Kf4 39. h4 gxh4 40. Rh8 Rxa7 41. Rxh4+ Ke5 {Accuracy: White = 70%, Black = 68%.} 1/2-1/2

[Event "II Maxistral Compostela 2020"]
[Site "Santiago de Compostela"]
[Date "2020.02.13"]
[Round "3.1"]
[White "Medarde Santiago, Luis Marcos"]
[Black "Strikovic, Aleksa"]
[Result "1/2-1/2"]
[WhiteElo "2246"]
[BlackElo "2479"]
[Annotator "TA"]
[PlyCount "33"]
[EventDate "2020.02.11"]
[EventType "tourn"]
[EventCountry "ESP"]
[SourceTitle "playchess.com"]
[Source "ChessBase"]
[SourceQuality "1"]

{[%evp 15,33,0,0,0,0,-2,31,32,27,32,30,0,6,0,0,-25,7,-67,27,20]} 1. e4 e5 2. Nf3 Nc6 3. Bb5 a6 4. Ba4 Nf6 5. O-O d6 6. d4 b5 7. dxe5 dxe5 8. Qxd8+ Nxd8 9. Bb3 {C79: Ruy Lopez: Steinitz-type lines with 3...a6 4 Ba4 Nf6 5 0-0 d6.} Bd6 10. Bg5 Bb7 ({Not} 10... Nxe4 $2 11. Bxd8 Bb7 12. Bh4 $18) 11. Bxf6 {White is slightly better.} gxf6 12. Nc3 c6 13. Nh4 Ne6 14. Nf5 Bc5 {[#]} 15. Rad1 $146 ({Predecessor:} 15. Ne2 Ng5 16. Neg3 Rd8 17. Rad1 O-O 18. Nh6+ Kg7 19. Ngf5+ Kg6 20. Rxd8 Rxd8 21. h4 {1-0 (32) Blandon,L (2182)-Blasco Camacho,F (1670) Cali 2015}) 15... Rd8 16. Ra1 (16. Rxd8+ $11 Kxd8 17. Nh6) 16... Ra8 ({Black should play} 16... h5 $15) 17. Ne2 {Accuracy: White = 68%, Black = 45%.} 1/2-1/2